<?xml version="1.0" encoding="UTF-8"?>
<record
    xmlns:xsi="http://www.w3.org/2001/XMLSchema-instance"
    xsi:schemaLocation="http://www.loc.gov/MARC21/slim http://www.loc.gov/standards/marcxml/schema/MARC21slim.xsd"
    xmlns="http://www.loc.gov/MARC21/slim">

  <leader>02789cam a2200433 i 4500</leader>
  <datafield tag="999" ind1=" " ind2=" ">
    <subfield code="c">7712</subfield>
    <subfield code="d">7712</subfield>
  </datafield>
  <controlfield tag="001">991056004219706706</controlfield>
  <controlfield tag="003">OSt</controlfield>
  <controlfield tag="005">20230418110634.0</controlfield>
  <controlfield tag="008">200630e202005  spca|||  ||||||00 0 cat|c</controlfield>
  <datafield tag="015" ind1=" " ind2=" ">
    <subfield code="a">LL2020</subfield>
    <subfield code="2">bnc</subfield>
  </datafield>
  <datafield tag="017" ind1=" " ind2=" ">
    <subfield code="a">DL B 3749-2020</subfield>
    <subfield code="b">Biblioteca de Catalunya</subfield>
  </datafield>
  <datafield tag="020" ind1=" " ind2=" ">
    <subfield code="a">9788491910978</subfield>
  </datafield>
  <datafield tag="035" ind1=" " ind2=" ">
    <subfield code="a">(ES-BaCBU).b74293035</subfield>
  </datafield>
  <datafield tag="035" ind1=" " ind2=" ">
    <subfield code="a">(OCoLC)1224079690</subfield>
  </datafield>
  <datafield tag="040" ind1=" " ind2=" ">
    <subfield code="a">ES-BaURL</subfield>
    <subfield code="b">cat</subfield>
    <subfield code="e">rda</subfield>
    <subfield code="c">CDMR</subfield>
  </datafield>
  <datafield tag="041" ind1="1" ind2=" ">
    <subfield code="a">cat</subfield>
    <subfield code="b">cat</subfield>
    <subfield code="b">eng</subfield>
  </datafield>
  <datafield tag="043" ind1=" " ind2=" ">
    <subfield code="a">e-sp---</subfield>
    <subfield code="b">e-spc--</subfield>
    <subfield code="2">catmarc</subfield>
  </datafield>
  <datafield tag="080" ind1=" " ind2=" ">
    <subfield code="a">659.3</subfield>
    <subfield code="2">2004</subfield>
  </datafield>
  <datafield tag="080" ind1=" " ind2=" ">
    <subfield code="a">659.3:81</subfield>
    <subfield code="2">2004</subfield>
  </datafield>
  <datafield tag="080" ind1=" " ind2=" ">
    <subfield code="a">659.3:81</subfield>
    <subfield code="x">(460.23)</subfield>
    <subfield code="2">2004</subfield>
  </datafield>
  <datafield tag="080" ind1=" " ind2=" ">
    <subfield code="a">811.134.1'271</subfield>
    <subfield code="2">2004</subfield>
  </datafield>
  <datafield tag="245" ind1="0" ind2="3">
    <subfield code="a">La Premsa, la r&#xE0;dio i la televisi&#xF3; com a agents difusors de coneixements ling&#xFC;&#xED;stics /</subfield>
    <subfield code="c">Daniel Casals i Mar Massanell (eds.) ; pr&#xF2;leg de M. Teresa Cabr&#xE9; Castellv&#xED;</subfield>
  </datafield>
  <datafield tag="264" ind1=" " ind2="1">
    <subfield code="a">Barcelona :</subfield>
    <subfield code="b">Publicacions de l'Abadia de Montserrat,</subfield>
    <subfield code="c">2020</subfield>
  </datafield>
  <datafield tag="300" ind1=" " ind2=" ">
    <subfield code="a">199 p&#xE0;gines :</subfield>
    <subfield code="b">il&#xB7;lustracions en blanc i negre ;</subfield>
    <subfield code="c">20 cm</subfield>
  </datafield>
  <datafield tag="490" ind1="1" ind2=" ">
    <subfield code="a">Biblioteca Mil&#xE0; i Fontanals ;</subfield>
    <subfield code="v">67</subfield>
  </datafield>
  <datafield tag="504" ind1=" " ind2=" ">
    <subfield code="a">Bibliografia al final de cada cap&#xED;tol</subfield>
  </datafield>
  <datafield tag="504" ind1=" " ind2=" ">
    <subfield code="a">Refer&#xE8;ncies bibliogr&#xE0;fiques. Notes</subfield>
  </datafield>
  <datafield tag="505" ind1="8" ind2=" ">
    <subfield code="a">Cont&#xE9;: Periodisme d'opini&#xF3; en defensa de la llengua catalana. V. Almirall, E. Prat de la Riba i A. Rovira i Virgili (1879-1939) / Josep Maria Figueres Artigues (UAB) -- Col&#xB7;laboracions de Francesc de B. Moll a El Correo Catal&#xE1;n (1962-1965) / Rosa Calafat Vila (UIB) i Daniel Casals i Martorell (UAB) -- L'ensenyament del valenci&#xE0; en la premsa: de "Parlem b&#xE9;" a Millorem el llenguatge (1962-1971), d'Enric Valor / Josep Daniel Climent Mart&#xED;nez (IES Cid, UOC) -- "Els xiquets i la llengua": primer curs de valenci&#xE0; en els mitjans de comunicaci&#xF3; (Las Provincias: febrer-juny 1975; novembre 1975-maig 1976) / Emili Casanova Herrero (UV, AVL) -- Els coneixements ling&#xFC;&#xED;stics a la premsa en catal&#xE0; de la Transici&#xF3;. La columna "El llenguatge" (1976-1985), d'Albert Jan&#xE9;, al diari Avui / Daniel Casals i Martorell (UAB) -- "Catal&#xE0; per a tothom" (1979-1981) a Alcanar / Amanda Ulldemolins Subirats (GU, CUA) -- "Parlem del catal&#xE0;" (1990-1997), a Catalunya R&#xE0;dio / Oriol Camps Giralt (IEC) -- Catal&#xE0; a l'atac, divulgar la llengua / Enric Gom&#xE0; -- El col&#xB7;loquial mediatitzat de les s&#xE8;ries de ficci&#xF3; i el catal&#xE0; nord-occidental: un encaix dif&#xED;cil? / Mar Massanell i Messalles (UAB)</subfield>
  </datafield>
  <datafield tag="546" ind1=" " ind2=" ">
    <subfield code="a">Text en catal&#xE0;, resums en catal&#xE0; i angl&#xE8;s</subfield>
  </datafield>
  <datafield tag="650" ind1=" " ind2="7">
    <subfield code="a">Mitjans de comunicaci&#xF3; de massa i llengua</subfield>
    <subfield code="z">Catalunya.</subfield>
    <subfield code="2">lemac</subfield>
  </datafield>
  <datafield tag="650" ind1=" " ind2="7">
    <subfield code="a">Catal&#xE0;</subfield>
    <subfield code="x">&#xDA;s</subfield>
    <subfield code="2">lemac</subfield>
  </datafield>
  <datafield tag="700" ind1="1" ind2=" ">
    <subfield code="a">Casals i Martorell, Daniel,</subfield>
  </datafield>
  <datafield tag="700" ind1="1" ind2=" ">
    <subfield code="a">Massanell i Messalles, Mar,</subfield>
  </datafield>
  <datafield tag="830" ind1=" " ind2="0">
    <subfield code="a">Biblioteca Mil&#xE0; i Fontanals ;</subfield>
    <subfield code="v">67</subfield>
  </datafield>
  <datafield tag="907" ind1=" " ind2=" ">
    <subfield code="a">.b74293035</subfield>
    <subfield code="b">18-02-21</subfield>
    <subfield code="c">30-06-20</subfield>
    <subfield code="d">10-11-20</subfield>
    <subfield code="e">m</subfield>
    <subfield code="f">a</subfield>
    <subfield code="g">-</subfield>
    <subfield code="h">cat</subfield>
    <subfield code="i">spc</subfield>
    <subfield code="j">0</subfield>
    <subfield code="k">0</subfield>
  </datafield>
  <datafield tag="908" ind1=" " ind2=" ">
    <subfield code="a">BMON</subfield>
    <subfield code="a">UAB</subfield>
    <subfield code="a">BC</subfield>
  </datafield>
  <datafield tag="940" ind1=" " ind2=" ">
    <subfield code="a">BC</subfield>
  </datafield>
  <datafield tag="942" ind1=" " ind2=" ">
    <subfield code="2">udc</subfield>
    <subfield code="c">MON</subfield>
  </datafield>
  <datafield tag="952" ind1=" " ind2=" ">
    <subfield code="0">0</subfield>
    <subfield code="1">0</subfield>
    <subfield code="4">0</subfield>
    <subfield code="7">0</subfield>
    <subfield code="a">CDMR</subfield>
    <subfield code="b">CDMR</subfield>
    <subfield code="d">2023-04-18</subfield>
    <subfield code="e">Donaci&#xF3;</subfield>
    <subfield code="g">18.00</subfield>
    <subfield code="l">0</subfield>
    <subfield code="o">Ca 10/26</subfield>
    <subfield code="p">CDMR22040013</subfield>
    <subfield code="r">2023-04-18</subfield>
    <subfield code="w">2023-04-18</subfield>
    <subfield code="y">MON</subfield>
  </datafield>
</record>
